Denmark Quiz - Statistics

General Stats
  • This quiz has been taken 38 times
  • The average score is 11 of 18
Answer Stats
Hint Answer % Correct
Capital of Denmark Copenhagen
93%
Official Language Danish
93%
Largest island under danish rule Greenland
87%
Famous plastic brick LEGO
87%
Country that invaded Denmark, during WW2 Germany
83%
Small island group found north of Scotland Faroe Islands
77%
Capital of Greenland Nuuk
77%
The ____ of Denmark Kingdom
73%
Official currency Krone
73%
Second largest city Aarhus
70%
World famous fairytale writer HC Andersen
67%
Famous statue, that attracts a lot of tourists The Little Mermaid
67%
Current monarch (2022) Margrethe II
50%
Name of Denmark's national flag Dannebrog
40%
Name of the island that once used to be a part of Sweden, and was annexed by Soviet Union in WW2 Bornholm
33%
In what country the danish flag (allegedly) fall from, when Denmark was in war Estonia
33%
Capital of Faroe Islands Thorshavn
27%
Denmark's type of ideology Capitalistic
3%
No matching quizzes found
Score Distribution
Percent of People with Each Score
Percentile by Number Answered
Your Score History
You have not taken this quiz